Linear programming: methods and applications
Saved in:
| Hovedforfatter: | |
|---|---|
| Format: | Bog |
| Sprog: | engelsk |
| Udgivet: |
Nueva York
McGraw-Hill
1958
|
| Fag: | |
| Tags: |
Tilføj Tag
Ingen Tags, Vær først til at tagge denne postø!
|
MARC
| LEADER | 00000nam a2200000 a 4500 | ||
|---|---|---|---|
| 001 | UCW1226 | ||
| 003 | CL-VaPUC | ||
| 008 | 911213e19580000US |||||||||||||||||eng|d | ||
| 082 | 0 | 4 | |a 519.72 |b GAS |2 21 |
| 100 | |a Gass, Saul I |e author |9 592709 | ||
| 245 | 1 | 0 | |a Linear programming: methods and applications |
| 300 | |a 223 p | ||
| 942 | |c BK | ||
| 945 | |d 19911213 00:00:00 | ||
| 260 | |a Nueva York |b McGraw-Hill |c 1958 | ||
| 650 | 0 | |a Programación lineal |9 23 | |
| 650 | 0 | |a Programación de computadores |9 259531 | |
| 583 | |a last modification |c 19911213 00:00:00 |k Rodrigo Vera | ||
| 999 | |c 216145 |d 216143 | ||
| 952 | |0 0 |1 0 |4 0 |6 519_720000000000000_GAS_1958 |7 0 |8 A |9 201633 |a BIBMAT |b BIBMAT |d 2019-11-14 |i 2688891 |o 519.72 GAS 1958 |p 2688891 |r 2025-01-07 |w 2019-11-14 |y BK |k MAT | ||